MDQL
is popping MORE tags! Check the
thread
!
Quizzes
Events
Quiz Creation
Community
Videos
Private Events
Remove Ads
Sign In
Join for FREE
Feedback
Dark Mode
Quiz Categories
Sports
Geography
Music
Movies
Television
Just For Fun
Miscellaneous
History
Literature
Language
Science
Gaming
Entertainment
Religion
Holiday
For Kids
Quiz Lab
Recent
Popular Today
Quiz Kudos Today
Editor Picks
Curator Picks
Quizzes by...
Day
Popularity
Type
Ratings
Length
Year
Community
Subscriptions
Recent Discussions
Orange Saloon
Badges
Playlists
Quests
Create
Leaderboards
Showdown
Live 5
Trivia Bingo
Activity
Puzzle Library
Sporcle Events
Private Events
Virtual Trivia
Globe League
Become a Host
Pub Owners
SporcleCon
Opinionation
Our Games
Videos
Blog
Mobile Apps
Partnerships
Remove Ads and Go Orange
Feedback
Literature
Harry Potter
A Song of Ice and Fire
The Hunger Games
Literary Character
Shakespeare
Book
Author
Novel
Poem
Young Adult
Children's Books
Play
Lord of the Rings
Literature
Harry Potter
A Song of Ice and Fire
The Hunger Games
Literary Character
Shakespeare
Book
Author
Novel
Poem
Young Adult
Children's Books
Play
Lord of the Rings
Random Quiz
Search Sporcle
×
Quiz Lab
Quiz Lab
Literature
Definition
Type in answers that appear in a list
Type in answers that appear in a list
Classic
Best Score? Go Orange.
Poetic Devices Stats
Can you name the Poetic Devices?
By
MrRavioli
5m
26 Questions
112 Plays
112 Plays
112 Plays
Comments
Comments
Give Quiz Kudos
Give Quiz Kudos
-
- Ratings
hide this ad
Forced Order
Answers have to be entered in order
Answers have to be entered in order
Random Order
Randomize order of answers
Randomize order of answers
Replay
Link that replays current quiz
Next Quiz
Link to next quiz in quiz playlist
You Got
0%
They Got
Avg Score
33%
Avg Friend Score
Upgrade to see
Score Distribution
Jump to the score distribution portion of the page
Score
0/26
Timer
05:00
0
Plays Today
Definition
Poetic Device
% Correct
A comparison between two things without like or as
Metaphor
67%
A figure of speech in which human attributes are given to an animal, an object or a concept
Personification
65.2%
A comparison between two essentially unlike things using like or as
Simile
62.5%
The repetition of beginning consonant sounds
Alliteration
61.6%
The writer's or speaker's attitude toward his subject, his audience, or himself
Tone
42.9%
The central idea and meaning of a literary work
Theme
41.1%
A reference to a work of literature or to an actual event, person, or place which the author expects the audience to recognize
Allusion
39.3%
The use of words that supposedly mimic their meaning with their sound
Onomatopoeia
39.3%
A division in a poem named for the number of lines it contains
Stanza
38.4%
Two successive lines usually in the same meter linked by end rhyme
Couplet
35.7%
A four line stanza
Quatrain
35.7%
When the thought of one line of poetry runs into the next line without a break
Enjambment
33.9%
the representation of sense experiences through language
Imagery
29.5%
Definition
Poetic Device
% Correct
The repetition of important syllables, usually at the ends of words
Rhyme
29.5%
a row of words printed on the same line of paper
Line
28.6%
A rhyme in which both of the rhyming words occur within one line
Internal Rhyme
26.8%
A break or pause in the middle of a ine caused by a mark of punctuation or by a natural pause in breath
Caesura
25.9%
A pattern of rhyme in a poem labeled alphabetically at the ends of the lines
Rhyme Scheme
25%
A comparison between two unlike things that is never explicitly states as a metaphor or simile and lasts throughout the entire poem.
Extended Metaphor
24.1%
figure of speech in which someone absent or dead or something nonhuman is addressed as if it were alive and present and could reply
Apostrophe
23.2%
rhymes that occur at the ends of lines
End Rhyme
23.2%
The character in the poem who is speaking
Voice
18.8%
The inspiration that motivates a poet, artist, or thinker
Muse
17.9%
A repeated line, group of lines, or entire stanza, normally at some fixxed position in a poem
Refrain
17%
Any wavelike recurrence of motion or sound
Rhythm
16.1%
compound words that thake the place of simpler terms in an attempt to be more descriptive
Kenning
11.6%
Quiz Playlist
Details
Report
Send in Message
Add To Playlist
Classic:
Type in answers that appear in a list
Forced Order:
Answers have to be entered in order
Random Order:
Randomize order of answers
Last Updated: Feb 16, 2017
Quiz Scoreboard
CHALLENGE
Sign Up to Join the Scoreboard
Show All
Scores
Hide
Comments
May contain spoilers
Recently Published
5x2 Blitz: Bands
by SL_Kpop136
Music
30s
Colored Red Africa Blitz
by spor1
Geography
30s
Find the 'City' Movie
by crazypaving
Movies
60s
More to Explore
Quiz From the Vault
Featured Blog Post
14 Easter Pick-up Lines to Find Eggs With
hide this ad
You Might Also Like...
Tags
Definition Quiz
Device
Today's Top Quizzes in Literature
Browse Literature
hide this ad
Today's Top Quizzes in Definition
Browse Definition
Top Contributed Quizzes in Literature
1
Sneaky Slytherin Logic Puzzle
2
Logic Puzzle: Avoid Dumbledore's Army
3
Mini Trivia Sudoku: A Song of Ice and Fire
4
Get The Picture: Black or White Literature
5
The Hunger Games Logic Puzzle: Find Katniss
6
One Thing in Common: Literature II
7
Harry Potter Logic Puzzle - Bill & Fleur's wedding
8
Harry Potter Video Game Releases
9
Silmarillion Characters by Any 3 Letters
10
Harry Potter Clickable Logic Puzzle #4
Explore More
Trending Topics
Kpop
NBA
Anime
Crossword
Harry Potter
Disney
Marvel
Soccer
The Office
WWE
NFL
Country
Pokémon
Song
Puzzle
hide this ad
More By:
MrRavioli
Quiz
Plays
Rating
Category
Featured
Created
cause and effect leading to the american revolution
479
1.71
History
Sep 18, 2011
bird named sports teams
155
2.25
Sports
May 8, 2010
Poetic Devices
112
Literature
Jan 17, 2012
Go to Creator's Profile
Score Distribution
Quiz Creator Spotlight
MrRavioli
Follow
Send a Message
Quizzes Created
-
Created Quiz Play Count
-
More By This Creator
Popular Quizzes Today
1
Colored Red Africa Blitz
2
Find the 'City' Movie
3
Find the US States - No Outlines Minefield
4
5x2 Blitz: Bands
5
The Countries of the World
6
Find the US States
7
US States
8
9x9 Crossword: Cartoon Network
More Literature Quizzes
'And' Books
Editor's Pick
Trending Quizzes
Colored Red Europe Blitz I
Colored Red Europe Blitz II
Colored Red Africa Blitz II
Colored Red Europe Blitz III
Colored Red Africa Blitz III
Recently Updated
How Do You Spell That?
pecheneg
Godzilla Movies
pecheneg
Grab Bag: 4-10 Letters
pecheneg
2024 March Madness Bracket
pecheneg
Famous TV Couples
Peacemaker
Champions League XIs: Real Madrid
pecheneg
Largest US Cities 1790-2010
pecheneg
Rides in Walt Disney World
pecheneg
Most Oscar Losses (Acting)
pecheneg
Beyoncé Albums
pecheneg
Trending Topics
Kpop
NBA
Marvel
Harry Potter
Crossword
Anime
Disney
Soccer
Country
Puzzle
NFL
The Office
Song
Pokémon
WWE
Your Account Isn't Verified!
In order to create a playlist on Sporcle, you need to verify the email address you used during registration. Go to your
Sporcle Settings
to finish the process.
Report this User
Report this user for behavior that violates our
Community Guidelines
.
Details:
Send Report
Go to the Sporcle.com Mobile Site →
Comments